|
|
|
|
| LEADER |
00884nam a22002657a 4500 |
| 001 |
AAL |
| 003 |
BD-DhAAL |
| 005 |
20151230232307.0 |
| 008 |
151230s 2000us a|||| b||| 001 0 eng d |
| 020 |
|
|
|a 0072365684
|
| 040 |
|
|
|a BD-DhAAL
|c BD-DhAAL
|
| 082 |
|
|
|a 613.205
|
| 100 |
|
|
|a Cook-Fuller, Charlotte C.
|9 17081
|
| 245 |
|
|
|a Nutrition 00/01 /
|c Charlotte C Cook-Fuller
|
| 250 |
|
|
|a 12th ed.
|
| 260 |
|
|
|a Guilford, CT. :
|b Dushkin/McGraw-Hill,
|c c2000.
|
| 300 |
|
|
|a x, 299 p. :
|b ill. ;
|c 28 cm.
|
| 490 |
|
|
|a Annual editions.
|
| 504 |
|
|
|6 Includes bibliographic reference and index.
|
| 541 |
|
|
|e 7043
|
| 650 |
|
|
|a Nutrition.
|9 17082
|
| 650 |
|
|
|a Diet.
|9 17083
|
| 942 |
|
|
|2 ddc
|c BK
|
| 999 |
|
|
|c 36481
|d 36481
|
| 952 |
|
|
|0 0
|1 0
|2 ddc
|4 0
|6 613_205000000000000_COO
|7 0
|9 57434
|a SCL
|b SCL
|c GEN
|d 2015-12-30
|e Gift: The Asia Foundation
|l 0
|o 613.205 COO
|p 3020007043
|r 2015-12-30
|t 1
|w 2015-12-30
|y BK
|